Sociology, Diversity, Conflict, And Change, (Record no. 5702)

MARC details
005 - DATE AND TIME OF LATEST TRANSACTION
control field 20250627145427.0
020 ## - INTERNATIONAL STANDARD BOOK NUMBER
International Standard Book Number 0-07-250476-5
082 ## - DEWEY DECIMAL CLASSIFICATION NUMBER
Classification number 301 NEU.
100 ## - MAIN ENTRY--PERSONAL NAME
Author name NEUBECK, J. K.
245 ## - TITLE STATEMENT
Title Sociology, Diversity, Conflict, And Change,
260 ## - PUBLICATION, DISTRIBUTION, ETC.
Place of publication, distribution, etc. New York,
Name of publisher, distributor, etc. Mc Graw Hill Companies,
Date of publication, distribution, etc. 2005.
300 ## - PHYSICAL DESCRIPTION
Extent xix.; 573p.; Ill.; picture,
Other physical details Index,
Dimensions 25cm.
700 ## - ADDED ENTRY--PERSONAL NAME
Other authors/Editors GLASBERG, S. D.
942 ## - ADDED ENTRY ELEMENTS (KOHA)
Source of classification or shelving scheme Dewey Decimal Classification
Koha item type Books
Holdings
Date last seen Total checkouts Full call number Barcode Cost, replacement price Price effective from Koha item type Lost status Source of classification or shelving scheme Damaged status Not for loan Withdrawn status Home library Current library Shelving location Date acquired Cost, normal purchase price
06/27/2025   301NEU DOM0002510 150000.00 06/27/2025 Books   Dewey Decimal Classification       CBE Dodoma CBE Dodoma General Collection 05/12/2008 50000.00
06/27/2025   301NEU DOM0002518 150000.00 06/27/2025 Books   Dewey Decimal Classification       CBE Dodoma CBE Dodoma General Collection 05/12/2008 50000.00
06/28/2025   301 NEU DOM0002494 150000.00 06/28/2025 Books   Dewey Decimal Classification       CBE Dodoma CBE Dodoma General Collection 05/12/2008 50000.00